Library Banner

Jo mein naye dekha = جو میں نے دیکھا (پاکستانی سیاست اور حکمرانی کی اندرونی کہانی) / (Record no. 113451)

MARC details
000 -LEADER
fixed length control field 00557nam a22001577a 4500
005 - DATE AND TIME OF LATEST TRANSACTION
control field 20190803102134.0
008 - FIXED-LENGTH DATA ELEMENTS--GENERAL INFORMATION
fixed length control field 190803b ||||| |||| 00| 0 eng d
020 ## - INTERNATIONAL STANDARD BOOK NUMBER
International Standard Book Number 97896997939064
040 ## - CATALOGING SOURCE
Transcribing agency PK-LaUMT
082 ## - DEWEY DECIMAL CLASSIFICATION NUMBER
Classification number MSC 320.95491
Item number RAO-J
100 ## - MAIN ENTRY--PERSONAL NAME
Personal name Rao Rasheed = راو رشید
245 ## - TITLE STATEMENT
Title Jo mein naye dekha = جو میں نے دیکھا (پاکستانی سیاست اور حکمرانی کی اندرونی کہانی) /
Statement of responsibility, etc by Rao Rasheed = راو رشید
260 ## - PUBLICATION, DISTRIBUTION, ETC. (IMPRINT)
Place of publication, distribution, etc Lahore :
Name of publisher, distributor, etc Jamhoori Publications,
Date of publication, distribution, etc 2015
546 ## - LANGUAGE NOTE
Language note Urdu
942 ## - ADDED ENTRY ELEMENTS (KOHA)
Koha item type Books
Holdings
Withdrawn status Lost status Damaged status Home library Current library Date acquired Full call number Barcode Date last seen Price effective from Koha item type
      UMT Main Campus UMT Main Campus 2019-08-03 MSC 320.95491 RAO-J 112509 2019-08-03 2019-08-03 Books